Estudio psicológico del cubismo y expresionismo / (Record no. 131680)

MARC details
000 -LEADER
campo de control de longitud fija 01009nam a2200217 4500
001 - NÚMERO DE CONTROL
campo de control 131680
003 - IDENTIFICADOR DE NÚMERO DE CONTROL
campo de control ES-MaACL
005 - FECHA Y HORA DE LA ÚLTIMA TRANSACCIÓN
campo de control 20230906194027.0
007 - CAMPO FIJO DE DESCRIPCIÓN FÍSICA--INFORMACIÓN GENERAL
campo de control de longitud fija t|
008 - DATOS DE LONGITUD FIJA--INFORMACIÓN GENERAL
campo de control de longitud fija 070214s1922 sp r ||||1| spa d
100 1# - ENTRADA PRINCIPAL--NOMBRE DE PERSONA
Nombre de persona Rodríguez Lafora, Gonzalo.
9 (RLIN) 98594
245 10 - MENCIÓN DEL TÍTULO
Título Estudio psicológico del cubismo y expresionismo /
Mención de responsabilidad, etc. por Gonzalo R. Lafora.
260 ## - PUBLICACIÓN, DISTRIBUCIÓN, ETC.
Lugar de publicación, distribución, etc. Madrid :
Nombre del editor, distribuidor, etc. Junta para Ampliación de Estudios e Investigaciones Científicas, Laboratorio de Fisiología Cerebral,
Fecha de publicación, distribución, etc. 1922.
300 ## - DESCRIPCIÓN FÍSICA
Extensión 37 p. , [16] h. de lám. ;
Dimensiones 23 cm.
490 1# - MENCIÓN DE SERIE
Mención de serie Publicaciones de la Junta para Ampliación de Estudios, Laboratorio de Fisiología Cerebral ;
Designación de volumen o secuencia 3
500 ## - NOTA GENERAL
Nota general Publicado en: Archivos de Neurobiología, t. III, nº 2, junio de 1922.
710 2# - ENTRADA AGREGADA--NOMBRE DE ENTIDAD CORPORATIVA
Nombre de entidad corporativa o nombre de jurisdicción como elemento de entrada Junta para la Ampliación de Estudios e Investigaciones Científicas.
9 (RLIN) 5413
830 0# - PUNTO DE ACCESO ADICIONAL DE SERIE-TÍTULO UNIFORME
Título uniforme Publicaciones de la Junta para Ampliación de Estudios, Laboratorio de Fisiología Cerebral ;
Designación de volumen o secuencia 3
9 (RLIN) 186873
852 ## - LOCALIZACIÓN
Ubicación ES-MaACL
Número de control de estantería 1643-F-13
Holdings
Estatus retirado Estado de pérdida Estado de daño No para préstamo Colección Biblioteca de origen Biblioteca actual Ubicación en estantería Fecha de adquisición Fuente de adquisición Total de préstamos Signatura topográfica completa Código de barras Visto por última vez Precio de reemplazo Tipo de ítem Koha
        Colección de folletos Biblioteca del Ateneo de Madrid Biblioteca del Ateneo de Madrid Depósito folletos 17/01/2008     1643-F-13 1137086 23/02/2023 23/02/2023 Folleto